Quiz 1000 - A blast from the past - Statistics

General Stats
  • This quiz has been taken 35 times
  • The average score is 8 of 16
Answer Stats
Hint Answer % Correct
1000 grams Kilogram
88%
1000 years Millennium
88%
Italian Migliaia
85%
French Mille
85%
mil Spanish
68%
Salad dressing 1000 island
65%
Worth 1000 words Picture
56%
1000 dollars (slang) Grand
47%
duizend Dutch
41%
1000 micrometres Millimetre
38%
Vanessa Carlton hit A Thousand Miles
35%
tisíc Czech
24%
German Tausend
21%
Los Angeles suburb Thousand Oaks
21%
þúsund Icelandic
18%
1000 dollars (slang) Large
0%
No matching quizzes found
Score Distribution
Percent of People with Each Score
Percentile by Number Answered
Your Score History
You have not taken this quiz